[Event "Katowice rapid op"]
[Site "Katowice"]
[Date "2025.05.31"]
[Round "10"]
[White "Kunze, Krystian"]
[Black "Rudzki, Artur"]
[Result "1-0"]
[WhiteElo "1724"]
[BlackElo "1578"]
[PlyCount "73"]
[EventDate "2025.05.31"]
[EventType "swiss"]
[EventRounds "11"]
[EventCountry "POL"]
[SourceTitle "CB24_2025"]
[SourceDate "2025.06.11"]
[SourceVersion "1"]
[SourceVersionDate "2025.06.11"]
[SourceQuality "1"]

1. c4 c6 2. g3 d5 3. cxd5 cxd5 4. Bg2 Nf6 5. d4 Nc6 6. Nc3 e6 7. e3 Bb4 8. Bd2 0-0 9. Nge2 b6 10. Nc1 Ba6 11. N1e2 Re8 12. a3 Bd6 13. 0-0 Na5 14. b3 Rc8 15. Re1 h6 16. Na4 Qd7 17. Bxa5 bxa5 18. Qb1 Rb8 19. Nc5 Bxc5 20. dxc5 Rec8 21. b4 axb4 22. axb4 Bxe2 23. Rxe2 Rb5 24. Rc2 Qb7 25. Ra4 Rcxc5 26. Rxc5 Rxc5 27. Qa1 Rc4 28. Rxa7 Qxb4 29. Bf1 Rc8 30. Bd3 Ne4 31. Kg2 Nxf2 32. Kxf2 Qd2+ 33. Be2 Rc2 34. Ra8+ Kh7 35. Qe1 Qxe1+ 36. Kxe1 Kg6 37. Bd3+ 1-0

[Event "Katowice rapid op"]
[Site "Katowice"]
[Date "2025.05.31"]
[Round "4"]
[White "Lewicki, Dawid"]
[Black "Kunze, Krystian"]
[Result "1-0"]
[WhiteElo "1550"]
[BlackElo "1724"]
[PlyCount "47"]
[EventDate "2025.05.31"]
[EventType "swiss"]
[EventRounds "11"]
[EventCountry "POL"]
[SourceTitle "CB24_2025"]
[SourceDate "2025.06.11"]
[SourceVersion "1"]
[SourceVersionDate "2025.06.11"]
[SourceQuality "1"]

1. e4 e6 2. d4 d5 3. Bd3 Nf6 4. e5 Nfd7 5. Nf3 c5 6. c3 Nc6 7. 0-0 Qb6 8. Qb3 Qxb3 9. axb3 cxd4 10. cxd4 Be7 11. Nc3 a6 12. Nb5 0-0 13. Bd2 Rd8 14. Rfc1 Nf8 15. Bg5 Bxg5 16. Nxg5 Bd7 17. Nd6 Be8 18. Nxb7 Rdb8 19. Nc5 Nxd4 20. Nxa6 Rxb3 21. Nc5 Rxa1 22. Rxa1 Rxb2 23. Ra8 Bc6 24. Bxh7+ 1-0

[Event "Katowice rapid op"]
[Site "Katowice"]
[Date "2025.05.31"]
[Round "2"]
[White "Piotrowska, Jadwiga"]
[Black "Kunze, Krystian"]
[Result "0-1"]
[WhiteElo "1416"]
[BlackElo "1724"]
[PlyCount "32"]
[EventDate "2025.05.31"]
[EventType "swiss"]
[EventRounds "11"]
[EventCountry "POL"]
[SourceTitle "CB24_2025"]
[SourceDate "2025.06.11"]
[SourceVersion "1"]
[SourceVersionDate "2025.06.11"]
[SourceQuality "1"]

1. e4 e6 2. d4 d5 3. exd5 exd5 4. Nf3 Nf6 5. Bf4 Bd6 6. Bg3 Bg4 7. Be2 0-0 8. Bxd6 Qxd6 9. 0-0 Nbd7 10. Nbd2 Rfe8 11. Re1 Ne4 12. Nxe4 Rxe4 13. Qd3 Qf4 14. c3 Rae8 15. Rad1 Bxf3 16. gxf3 R4e6 0-1

[Event "Bohumin op-B 7th"]
[Site "Bohumin"]
[Date "2024.07.06"]
[Round "9"]
[White "Krampol, Vladimir"]
[Black "Kunze, Krystian"]
[Result "0-1"]
[WhiteElo "1808"]
[BlackElo "1447"]
[PlyCount "144"]
[EventDate "2024.06.29"]
[EventType "swiss"]
[EventRounds "9"]
[EventCountry "CZE"]
[SourceTitle "CBM 221 Extra"]
[Source "ChessBase"]
[SourceDate "2024.09.30"]
[SourceVersion "1"]
[SourceVersionDate "2024.09.30"]
[SourceQuality "1"]

1. c4 Nf6 2. Nc3 e5 3. g3 Bc5 4. Bg2 d6 5. e3 0-0 6. Nge2 Nc6 7. d4 Bb4 8. 0-0 exd4 9. exd4 Bf5 10. Qb3 Bxc3 11. Qxc3 Qd7 12. Be3 Bh3 13. b4 Bxg2 14. Kxg2 a5 15. b5 Ne7 16. a4 b6 17. Rad1 Qf5 18. f3 Rfe8 19. Rfe1 Ned5 20. cxd5 Nxd5 21. Qc1 Nxe3+ 22. Kf2 Nxd1+ 23. Rxd1 Re7 24. Nf4 Rae8 25. g4 Qf6 26. Kg3 Rd7 27. Qc6 Qd8 28. h4 d5 29. Rc1 Ree7 30. Nd3 f6 31. Nf4 Rd6 32. Qc2 Qd7 33. h5 Rf7 34. Re1 f5 35. g5 Re7 36. Rxe7 Qxe7 37. Qxf5 Qf8 38. Qe5 Qf7 39. Kf2 Rd8 40. g6 hxg6 41. hxg6 Qf6 42. Ke3 Qxe5+ 43. dxe5 d4+ 44. Kd3 Re8 45. Kxd4 Rd8+ 46. Nd5 Kf8 47. Ke4 Ke8 48. f4 Kd7 49. f5 Rf8 50. Nf4 c5 51. Nd5 Rb8 52. f6 gxf6 53. exf6 Ke6 54. f7 Rd8 55. Nc7+ Kf6 56. Ne8+ Ke7 57. Ke5 Rxe8 58. fxe8Q+ Kxe8 59. Kd6 c4 60. g7 Kf7 61. Kc6 c3 62. Kxb6 c2 63. Kxa5 c1Q 64. g8Q+ Kxg8 65. Ka6 Qh6+ 66. b6 Qc6 67. a5 Qa8+ 68. Kb5 Kf7 69. a6 Qd5+ 70. Kb4 Qc6 71. b7 Qb6+ 72. Kc3 Ke7 0-1